| 000 | 00660nam a22001937a 4500 | ||
|---|---|---|---|
| 008 | 130821s1940 ag gr spa | ||
| 040 |
_aCo-BoUCM _bspa |
||
| 041 | 0 | 0 | _aspa |
| 092 | _aFRA 000098 | ||
| 100 |
_aMossa, Lorenzo _9170751 |
||
| 245 | 0 | 0 |
_aDerecho mercantil _cLorenzo Mossa, traducción de Felipe de J. Tena |
| 260 |
_aBuenos Aires (Argentina) _bUteha _c1940 |
||
| 300 | _axii, 379 páginas | ||
| 500 | _aIncluye bibliografía e índice. -- Este libro se encuentra en el depósito de la biblioteca | ||
| 650 | 0 | 4 |
_aDerecho comercial _912717 |
| 650 | 0 | 4 |
_aDerecho comercial _zItalia _9104181 |
| 651 |
_aItalia _926640 |
||
| 942 |
_cLIBRO _a27 _e1 _n0 |
||
| 999 |
_c85336 _d85336 |
||